| 000 | 00667nam a22002057a 4500 | ||
|---|---|---|---|
| 003 | 0 | ||
| 005 | 20241016135330.0 | ||
| 008 | 241016b xxu||||| |||| 00| 0 eng d | ||
| 020 | _a9781119889656 | ||
| 050 |
_aHD 58.7 _b.Uh35 2024 |
||
| 100 |
_aUhl-Bien, Mary, _eauthor. |
||
| 245 |
_aOrganizational behavior / _cMary Uhl-Bien, Ronald F. Piccolo, JohnR. Schermerhorn, Jr. |
||
| 250 | _a3rd ed. | ||
| 260 |
_aHoboken, NJ : _bJohn Wiley & Sons, Inc., _c2024. |
||
| 300 |
_axv, various pagination : _bcol. ill. ; _c28 cm. |
||
| 504 | _aIncludes bibliographical references and index. | ||
| 650 | _aOrganizational behavior. | ||
| 650 | _aManagement. | ||
| 942 |
_2lcc _cBK |
||
| 999 |
_c366569 _d366569 |
||